Prognózy vývoja slovenského a európskeho hospodárstva zhodnotenie aktuálnej ekonomickej situácie na finančných trhoch a možný ďalší vývoj
Gespeichert in:
| 1. Verfasser: | |
|---|---|
| Format: | Buchkapitel |
| Sprache: | Slowakisch |
| Schlagworte: | |
| Tags: |
Keine Tags, Fügen Sie das erste Tag hinzu!
|
MARC
| LEADER | 00000naa a2200000 4500 | ||
|---|---|---|---|
| 001 | 0267486 | ||
| 005 | 20240502074210.6 | ||
| 041 | 0 | |a slo | |
| 044 | |a SK | ||
| 245 | 1 | 0 | |a Prognózy vývoja slovenského a európskeho hospodárstva |b zhodnotenie aktuálnej ekonomickej situácie na finančných trhoch a možný ďalší vývoj |c Jozef Makúch |
| 500 | |a prezentácia | ||
| 610 | 2 | 0 | |a prognózy |
| 610 | 2 | 0 | |a hospodárstvo národné |
| 610 | 2 | 0 | |a situácia hospodárska |
| 610 | 2 | 0 | |a trh finančný |
| 100 | 1 | |a Makúch, Jozef, 1953- | |